000 nam a22 a 4500
999 _c329183
_d329183
003 BLK
005 20220603112515.0
008 190215b bu ||||| |||| 00| 0 bu d
040 _aBLK
041 _aBUL
_cBUL
080 _aЛитература на отделни езици и езикови семейства
_b821
_x-93
_z821-93
100 _9829
_aРаспе, Рудолф Ерих
_eпо
139 _aРаспе, Рудолф Ерих
_bР 38
245 _aЧудните приключения по вода и суша, походите и веселите приключения на барон фон Мюнхаузен, както е обичал да ги разказва на чашка в кръга на своите приятели
_bПредставени в по-голямата си част от Готфрид Аугуст Бюргер и илюстрирани от Еберхард Биндер
_cПо Рудолф Ерих Распе
260 _9210040
_aГермания
_bНар. младеж
_c1977
300 _a148 с.
_c29 см
380 _aDX
700 _91311
_aЛюнзер-Вайганг, Бригите
_eред.
700 _9269766
_aНиколова-Руж, Елена
_eпрев. от нем.
942 _cKNG
_n0
_06
944 _kГрета Цуфелде